| 000 | 00478nam a2200181 4500 | ||
|---|---|---|---|
| 005 | 20150618143153.0 | ||
| 008 | 000 | ||
| 020 | _a925101311X | ||
| 040 | _aUOEL | ||
| 050 |
_aTS850 _bF6 |
||
| 245 |
_aCircular saw manual _cFood and Agriculture Organization |
||
| 260 |
_aRome _bFAO _c1983 |
||
| 300 |
_a72 p. _bill. |
||
| 440 |
_aFao Forestry Paper _n40 |
||
| 650 | _xChemical technology | ||
| 710 | _aFood and Agriculture Organization of the United Nations | ||
| 942 |
_2lcc _cLL |
||
| 999 |
_c10420 _d10420 |
||